000 00648nam a2200157 4500
999 _c16031
_d16031
008 210209b ||||| |||| 00| 0 eng d
022 _a0732-8435
082 _aDPer 657.05 C33 Feb - Aug 2012, v. 82
100 _aDey, R. Mithu.
_942984
245 _aAdvisory services rise again at large audit firms:
_blike a phoenix, revenues reborn amid renewed concerns/
_cR. Mithu Dey, Ashok Robin and Daniel Tessoni.
260 _aNew York:
_bThe New York State Society of CPA,
_c©2012.
300 _av82 n8, pages 58-67:
_bv82 n8, pages 32-35:
_c28 cm.
700 _aRobin, A.
_eAuthor.
_942985
700 _aTessoni, D.
_eAuthor.
_942986
942 _2ddc
_cPER